| 000 | 00630nam a22001937a 4500 | ||
|---|---|---|---|
| 005 | 20170704150430.0 | ||
| 010 | _aENG-119103 | ||
| 020 |
_a9789351867739 _c300.00 |
||
| 035 | _aEN-102635 | ||
| 037 | _bDBAD/PUB | ||
| 082 | _a158.1 | ||
| 100 | _aHill, Napoleon | ||
| 245 |
_aFoundation for success : _cby Napoleon Hill [and] Judith Williamson _b52 Action activities to spark your personal initiative/ |
||
| 260 |
_aNew Delhi _bPrabhat Prakashan _c2016 |
||
| 270 |
_a4/19 Asaf Ali Road _bNew Delhi _e110002 |
||
| 300 |
_aviii,164p _b23cm(Hb) |
||
| 700 | _aWilliamson, Judith | ||
| 942 |
_2ddc _cEN _h158.1 _mHIL |
||
| 999 |
_c142277 _d142277 |
||